000 00473nam a2200169Ia 4500
003 GCL
008 140319s9999 xx 000 0 ara d
040 _aGCL /
_cGCL
082 0 4 _aد
_b050
100 1 _aكمال بسيونى
245 1 0 _aعائشة بنت طلحة ( اقرا 140 ) /
_cكمال بسيونى
300 _a154 ص
490 _aوثائق ونصوص
_v0
650 0 4 _aعائشة بنت طلحة
650 0 4 _aالنساء - تراجم
942 _2ddc
_cCF
999 _c27302
_d27302